00343nam a2200133Ia 4500008004100000041001200041082001600053100001600069245005300085260003100138300000800169650001600177700001600193221030s9999 xx 000 0 und d aEnglish a105.23bGod aA. P. Godse 0aDigital Electronicscby A. P. Godse, D. A. Godse bTechnical Pub.aPunec2002 a736 aBE Computer aD. A. Godse